=LDR 00000nam 2200000 4500 =001 INLIS000000000014501 =005 20130612105759 =008 ************************************* =035 ##$$0010-061300000014501 =082 ##$$a 397.64 =090 ##$$a 297.64, Cit c =245 ##$$a Citra perpempuan dalam islam, Pandangan keagamaan, penyuinting, Jamhari, Ismatu Ropi =260 ##$$a 2003 $b Jakarta =300 ##$$a x, 175 hlm, Ilus, 21 cm =650 ##$$a Wanita dalam islam =700 ##$$a Jamhari, Ismatu Ropi =850 ##$$a NBPNMAT